| 000 | 00855nam a2200253 a 4500 | ||
|---|---|---|---|
| 003 | CBULib | ||
| 005 | 20240517090132.0 | ||
| 008 | 200914s2019 ||||||||||||||||| || u | ||
| 020 | _a9789211129588 | ||
| 040 |
_aCBULib _bEnglish _cCBULib _erda |
||
| 041 | _aeng | ||
| 050 | _aUNCTAD(058)RMT/2019 | ||
| 110 | _aUnited Nations Conference on Trade and Development (UNCTAD) | ||
| 245 | 1 | 0 |
_aReview of maritime transport : 2019 _c/ by the United Nations Conference on Trade and Development (UNCTAD) |
| 260 |
_a Geneva : _bUnited Nations, _c2019 |
||
| 300 | _axiv, 109 pages : illustrations | ||
| 336 |
_2rdacontent _aText | _btxt |
||
| 337 |
_2rdamedia _aUnmediated | _bn |
||
| 338 |
_2rdacarrier _aVolume _bnc |
||
| 650 | _aMERCHANT MARITIME-STATISTICS | ||
| 650 | _aSHIPPING--STATISTICS--PERIODICALS | ||
| 650 | _aWATER TRANSPORT | ||
| 942 |
_2mc _c029 |
||
| 999 |
_c80218 _d80218 |
||